| 000 | 01066nam a2200217Ia 4500 | ||
|---|---|---|---|
| 008 | 0000001990 sp a 0000000000cat00 | ||
| 090 | _aPSP00 J85m | ||
| 100 | 1 |
_aJunca, Mim _d1959 |
|
| 245 | 1 | 0 |
_aMonólegs _b: Mim Juncá, Pierre Pecoud, Tófol Sastre _c/ traducció Marta Foix ; fotografies J.S. Cabrera, Daniel Devaux, Gabriel Ramón |
| 300 |
_a23 p. _c/ 30 cm. |
||
| 500 | _aExposición realizada en Espais Centre d'Art Contemporani, Girona, Enero 25 Febrero 25, 1990 \ Con el patronazgo del maestro venezolano Jesús Rafael Soto (q.e.p.d.) | ||
| 600 | 0 | 0 |
_aJUNCA, MIM, 1959/ _xTRABAJOS PICTORICOS \ SASTRE, TOFOL, 1963/ _xTRABAJOS PICTORICOS \ PECOUD, PIERRE, 1944/ _xTRABAJOS PICTORICOS |
| 650 | 1 | 4 | _aARTISTAS PLASTICOS ESPAÑOLES |
| 650 | 1 | 4 | _aARTISTAS PLASTICOS FRANCESES |
| 650 | 1 | 4 | _xCATALOGOS |
| 650 | 1 | 4 | _xEXPOSICIONES |
| 650 | 1 | 4 | _aPINTURA ESPAÑOLA |
| 650 | 1 | 4 | _aPINTURA FRANCESA |
| 700 | 1 | _aFoiX, Marta, tr. \ Cabrera, J. S. \ DevauX, Daniel \ Ramón, Gabriel | |
| 999 |
_c5668 _d5668 |
||
| 260 |
_aGirona : Espais Centre de ́art Contemporani _c1990 |
||